|
|
|
|
| LEADER |
02678nam a22004335i 4500 |
| 001 |
978-3-540-27789-7 |
| 003 |
DE-He213 |
| 005 |
20150207071528.0 |
| 007 |
cr nn 008mamaa |
| 008 |
100301s2006 gw | s |||| 0|eng d |
| 020 |
|
|
|a 9783540277897
|9 978-3-540-27789-7
|
| 024 |
7 |
|
|a 10.1007/3-540-27789-7
|2 doi
|
| 040 |
|
|
|d GrThAP
|
| 050 |
|
4 |
|a R-RZ
|
| 072 |
|
7 |
|a MBGR
|2 bicssc
|
| 072 |
|
7 |
|a MED000000
|2 bisacsh
|
| 082 |
0 |
4 |
|a 610
|2 23
|
| 100 |
1 |
|
|a Hannibal, Jens.
|e author.
|
| 245 |
1 |
0 |
|a Neuronal Input Pathways to the Brain’s Biological Clock and their Functional Significance
|h [electronic resource] /
|c by Jens Hannibal, Jan Fahrenkrug.
|
| 264 |
|
1 |
|a Berlin, Heidelberg :
|b Springer Berlin Heidelberg,
|c 2006.
|
| 300 |
|
|
|a X, 76 p. 22 illus., 13 illus. in color.
|b online resource.
|
| 336 |
|
|
|a text
|b txt
|2 rdacontent
|
| 337 |
|
|
|a computer
|b c
|2 rdamedia
|
| 338 |
|
|
|a online resource
|b cr
|2 rdacarrier
|
| 347 |
|
|
|a text file
|b PDF
|2 rda
|
| 490 |
1 |
|
|a Advances in Anatomy Embryology and Cell Biology,
|x 0301-5556 ;
|v 182
|
| 505 |
0 |
|
|a Introduction -- The suprachiasmatic nucleus (SCN) -- The endogenous rhythm of the SCN -- The SCN molecular clock -- Photic regulation of the circadian rhythm -- Retinal input – Neuroanatomy -- Neurotransmitters in the RHT -- Glutamate and PACAP -- Other neurotransmitters of the RHT -- RHT neurotransmitter receptors in the SCN.-Melanopsin - an irradiance detecting photopigment of the RHT -- Retinal input - Physiology -- Non-photic regulation of the circadian rhythms -- Midbrain raphe input - Neuroanatomy -- 5-HT and regulation of the circadian system -- The intergeniculate leaflet and the geniculohypothalamic tract – neuroanatomy -- Effects of NPY on circadian rhythm during subjective day -- NPY modulates light-induced phase shift during subjective night -- Summary.
|
| 520 |
|
|
|a Circadian rhythms are entrained daily by environmental photic and non-photic cues. The present review describes the anatomy and functional characteristics of the three major input pathways to the circadian clock mediating entrainment, the retino-hypothalamic tract (RHT), the geniculo-hypothalamic tract (GHT) and the midbrain raphe projection.
|
| 650 |
|
0 |
|a Medicine.
|
| 650 |
1 |
4 |
|a Biomedicine.
|
| 650 |
2 |
4 |
|a Biomedicine general.
|
| 700 |
1 |
|
|a Fahrenkrug, Jan.
|e author.
|
| 710 |
2 |
|
|a SpringerLink (Online service)
|
| 773 |
0 |
|
|t Springer eBooks
|
| 776 |
0 |
8 |
|i Printed edition:
|z 9783540277880
|
| 830 |
|
0 |
|a Advances in Anatomy Embryology and Cell Biology,
|x 0301-5556 ;
|v 182
|
| 856 |
4 |
0 |
|u http://dx.doi.org/10.1007/3-540-27789-7
|z Full Text via HEAL-Link
|
| 912 |
|
|
|a ZDB-2-SBL
|
| 950 |
|
|
|a Biomedical and Life Sciences (Springer-11642)
|